An investigation into linguistic elements denoting the "processes" of changing in English and Vietnamese

Introduction; Literature review and theoretical background; Methods and procedures...

Đã lưu trong:
Sonraí Bibleagrafaíochta
Príomhúdar: Nguyen, Vu Diem My.
Údair Eile: Phan, Văn Hoà, Assoc. Prof. Dr. (Supervisor.)
Formáid: Neamhaithnid
Teanga:English
Foilsithe: Đà Nẵng : The University of Da Nang, 2011.
Ábhair:
Clibeanna: Cuir Clib Leis
Gan Chlibeanna, Bí ar an gcéad duine leis an taifead seo a chlibeáil!
Thư viện lưu trữ: Mạng thư viện Đại học Đà Nẵng
LEADER 02892na a2200373 4500
001 000031778
003 7167
005 20230728094823.0
008 151001s2011 000 eng
040 |a LNN 
041 |a ENG 
082 |a 420.4  |b NG-M 
100 1 |a Nguyen, Vu Diem My. 
245 1 3 |a An investigation into linguistic elements denoting the "processes" of changing in English and Vietnamese  |h [Thesis-Luận văn thạc sĩ] /  |c Vo Thi Thanh Thao ; Phan Văn Hoà hướng dẫn. 
260 |a Đà Nẵng :  |b The University of Da Nang,  |c 2011. 
300 |a 110 p. ;  |c 29 cm. +  |e 1 Abstract. 
500 |a Master thesis in the English language. Field: The English language. Code: 60.22.15. 
520 3 |a Introduction; Literature review and theoretical background; Methods and procedures... 
630 0 4 |a English language. 
650 0 4 |a English language  |x Linguistics. 
700 1 |a Phan, Văn Hoà,  |c Assoc. Prof. Dr.,  |e Supervisor. 
OWN |a LNN 
AVA |a UDN50  |b LNN  |c English  |d 420.4 NG-M  |e available  |t Error 5001 Not defined in file expand_doc_bib_avail.  |f 1  |g 0  |h N  |i 0  |j AN  |k 1 
Z40 3 |y An investigation into linguistic elements denoting the "processes" of changing in English and Vietna  |l Library of UFL  |t VIEW  |x http://catalog.udn.vn:80/F?func=service&doc_library=UDN01&local_base=UDN01&doc_number=000031778&sequence=000001&line_number=0001&func_code=DB_RECORDS&service_type=MEDIA  |f BANTOMTAT-DIEMMY_000034139.pdf  |e pdf  |s 000584345  |k 20240419  |m NTMTHI 
Z40 3 |y An investigation into linguistic elements denoting the "processes" of changing in English and Vietna  |l Library of UFL  |t VIEW  |x http://catalog.udn.vn:80/F?func=service&doc_library=UDN01&local_base=UDN01&doc_number=000031778&sequence=000002&line_number=0002&func_code=DB_RECORDS&service_type=MEDIA  |f Toanvan_000034141.pdf  |e pdf  |s 001740240  |k 20240419  |m NTMTHI 
999 |a From the UDN01 
AVA |a UDN50  |b LNN  |c English  |d 420.4 NG-M  |e available  |t Error 5001 Not defined in file expand_doc_bib_avail.  |f 1  |g 0  |h N  |i 0  |j AN  |k 1 
TYP |a Printed language 
856 |y An investigation into linguistic elements denoting the "processes" of changing in English and Vietna  |l Library of UFL  |t VIEW  |x http://catalog.udn.vn:80/F?func=service&doc_library=UDN01&local_base=UDN01&doc_number=000031778&sequence=000001&line_number=0001&func_code=DB_RECORDS&service_type=MEDIA  |f BANTOMTAT-DIEMMY_000034139.pdf  |e pdf  |s 000584345  |k 20240419  |m NTMTHI 
856 |y An investigation into linguistic elements denoting the "processes" of changing in English and Vietna  |l Library of UFL  |t VIEW  |x http://catalog.udn.vn:80/F?func=service&doc_library=UDN01&local_base=UDN01&doc_number=000031778&sequence=000002&line_number=0002&func_code=DB_RECORDS&service_type=MEDIA  |f Toanvan_000034141.pdf  |e pdf  |s 001740240  |k 20240419  |m NTMTHI 
980 |a Mạng thư viện Đại học Đà Nẵng